| 000 | 01540cam a22004094i 4500 | ||
|---|---|---|---|
| 003 | PE-LiUPU | ||
| 005 | 20250731173139.0 | ||
| 008 | 150623s1991 is r 000 0 her d | ||
| 035 | _a(Sirsi) a27295 | ||
| 040 |
_aPE-LiUPU _bspa _cPE-LiUPU _erda |
||
| 082 | 0 | 4 |
_a221.44 _bB46 _221 |
| 130 |
_aBiblia. _pA.T. _pCrónicas II-Isaías. _lHebreo-Español. _sKatznelson. |
||
| 245 | 1 | 3 |
_aLa Biblia Hebreo-Español : _bVersión castellana conforme a la tradición judía. _n2 / _cMoisés Katznelson. |
| 264 | 1 |
_aTel-Aviv, Israel : _bSinai, _c1991. |
|
| 300 |
_a1384 páginas ; _c17 centímetros |
||
| 336 |
_atext _2rdacontent |
||
| 337 |
_aunmediated _2rdamedia |
||
| 338 |
_avolume _2rdacarrier |
||
| 505 | 0 | _aLa Santa Biblia en Hebreo - Español desde Isaías hasta 2 Crónicas. | |
| 526 | _aSEG42 | ||
| 526 | _aSEG41 | ||
| 526 | _aSEG40 | ||
| 526 | _aSEG39 | ||
| 526 | _aP94 | ||
| 526 | _aP87 | ||
| 526 | _aP86 | ||
| 526 | _aP85 | ||
| 526 | _aP77 | ||
| 526 | _aP76 | ||
| 526 | _aP35 | ||
| 541 | _g009175; | ||
| 630 |
_aBiblia. _pA.T. _pCrónicas II-Isaías. _lHebreo Español. _sKatznelson. |
||
| 942 |
_2ddc _cBOOK |
||
| 949 |
_a221.44 B46 2 _wDEWEY _c1 _i52591 _lCCODEBUL1 _mBUL _p15.00 _r0 _sY _tBOOK _u2015-06-24 _xTEOLOGIA _PP35 _0COMPRA _o.STAFF. Colección Teología |
||
| 596 | _a1 | ||
| 999 |
_a221.44 B46 2 _wDEWEY _c34419 _i52591 _d34419 _e2022-5-26 _f2021-11-9 _g5 _lCCODEBUL1 _mBUL _n9 _p15.00 _q12 _r0 _sY _tBOOK _u2015-6-24 _xTEOLOGIA _PP35 _0COMPRA _o.STAFF. Colección Teología |
||
| 980 |
_81 _gALBERTO SANCHEZ Responsable de Automatización |
||